Normal view
MARC view
- Ansari, Ali M.
Entry Personal Name
001 - CONTROL NUMBER
- control field: 27512
003 - CONTROL NUMBER IDENTIFIER
- control field: NUST
005 - DATE AND TIME OF LATEST TRANSACTION
- control field: 20200113135133.0
008 - FIXED-LENGTH DATA ELEMENTS
- fixed length control field: 200113|| aca||aabn | a|a d
040 ## - CATALOGING SOURCE
- Original cataloging agency: NUST
- Transcribing agency: NUST
100 ## - HEADING--PERSONAL NAME
- Personal name: Ansari, Ali M.
670 ## - SOURCE DATA FOUND
- Source citation: Work cat.: (NUST): Ansari, Ali M., Confronting Iran, c2006
